Classic Films by Bad Review Quiz Stats

Quiz Updated Jul 30, 2015

Challenge
Share
Tweet
Embed
Score 0/20 Timer 08:00
3 Plays Today
% Correct
The Godfather
87.1%
Psycho
87%
One Flew Over the Cuckoo's Nest
86.8%
Amadeus
84.9%
Enter the Dragon
84.2%
Gone with the Wind
82.8%
A Fistful of Dollars
80%
The Shining
78%
The Sting
71.4%
Star Wars: The Empire Strikes Back
69.3%
% Correct
The French Connection
66.3%
Raging Bull
64.7%
Raiders of the Lost Ark
61.3%
Chinatown
58.7%
Jaws
58.1%
Bringing Up Baby
54.7%
Ben-Hur
49.5%
Aliens
49.3%
Lawrence of Arabia
46.4%
Patton
15.5%

You're not logged in!

Compare scores with friends on all Sporcle quizzes.
Sign Up with Email
OR
Log In

You Might Also Like...

Show Comments

Extras

Top Quizzes Today


Score Distribution

Your Account Isn't Verified!

In order to create a playlist on Sporcle, you need to verify the email address you used during registration. Go to your Sporcle Settings to finish the process.